A Series of Unfortunate Events- Count Olaf's Disguises - Statistics

General Stats
  • This quiz has been taken 11 times
  • The average score is 5 of 10
Answer Stats
Book Answer % Correct
The Austere Academy Coach Genghis
80%
The Reptile Room Stephano
70%
The Wide Window Captain Julio Sham
60%
The Ersatz Elevator Gunther
60%
The End Kit Snicket
60%
The Vile Village Detective Dupin
40%
The Miserable Mill Shirley T. Sinoit-Pécer
40%
The Hostile Hospital Mattathias
20%
The Bad Beginning Al Funcoot
10%
The Wide Window A Rabbi
10%
No matching quizzes found
Score Distribution
Percent of People with Each Score
Percentile by Number Answered
Your Score History
You have not taken this quiz